| 000 | 00898nmm a2200289 a 4500 | ||
|---|---|---|---|
| 001 | ocm000580576 | ||
| 003 | TR-IsHL | ||
| 005 | 20201028123254.0 | ||
| 008 | 110704s2007 tu tur | ||
| 007 | cr cn | ||
| 020 | _a9789944425230 | ||
| 035 |
_a580576 _b(N$T) |
||
| 050 | 0 | 4 |
_aPH355.W35 _bS49 2007 |
| 090 | 0 | 4 |
_aPH355.W35 _bS49 2007 |
| 100 | 1 | _aWaltari, Mika | |
| 245 | 1 | 0 |
_aSeyyah _h[electronic resource] / _cMika Waltari ; çev. Nurten Hatırnaz |
| 250 | _a1 bs. | ||
| 260 |
_aİstanbul : _bBilge Kültür Sanat, _c2007 |
||
| 300 | _a467 p. | ||
| 650 | 4 | _aDil ve Edebiyat | |
| 650 | 4 | _aLanguage and Literature | |
| 650 | 0 | _aFin romanı | |
| 650 | 0 | _aFinnish fiction | |
| 650 | 7 |
_aLITERARY COLLECTIONS / European / Scandinavian _2bisacsh |
|
| 700 | 1 | _aHatırnaz, Nurten | |
| 856 | 4 | 0 | _uhttp://search.ebscohost.com/login.aspx?direct=true&scope=site&db=e011xww&AN=580576 |
| 999 |
_c2314 _d2314 |
||